Solo Leveling ARISE - All Hunters - Statistics

General Stats
  • This quiz has been taken 36 times
    29 since last reset
  • The average score is 26 of 41
Answer Stats
Class Hunter Name Element % Correct
Fighter Cha Hae-In Light
100%
Mage Choi Jong-In Fire
89%
Tank Goto Ryuji Wind
89%
Healer Han Se-Mi Wind
89%
Ranger Lim Tae-Gyu Dark
89%
Mage Lee Bora Dark
78%
Assassin Tawata Kanae Fire
78%
Tank Woo Jinchul Wind
78%
Tank Yoo Jinho Light
78%
Assassin Amamiya Mirei Wind
67%
Mage Gina Fire
67%
Tank Go Gunhee Light
67%
Fighter Hwang Dongsoo Wind
67%
Tank Hwang Dongsuk Dark
67%
Assassin Kang Taeshik Dark
67%
Healer Lee Joohee Water
67%
Healer Min Byung-Gu Light
67%
Mage Park Heejin Wind
67%
Tank Seo Jiwoo Water
67%
Healer Shimizu Akari Light
67%
Mage Song Chiyul Fire
67%
Fighter Thomas Andre Light
67%
Mage Alicia Blanche Water
56%
Ranger Anna Ruiz Water
56%
Tank Baek Yoonho Light
56%
Fighter Cha Hae-In, the Pure Sword Princess Water
56%
Mage Charlotte Dark
56%
Tank Emma Laurent Fire
56%
Assassin Han Song-Yi Water
56%
Tank Harper Dark
56%
Tank Kim Chul Light
56%
Healer Meilin Fisher Water
56%
Ranger Seorin Water
56%
Fighter Silver Mane Baek Yoonho Dark
56%
Ranger Esil Radiru Fire
44%
Healer Isla Wright Dark
44%
Tank Kim Sangshik Wind
44%
Ranger Nam Chae-Young Water
44%
Fighter Park Beom-Shik Wind
44%
Mage Yoo Soohyun Fire
44%
Mage Jo Kyuhwan Light
33%
No matching quizzes found
Score Distribution
Percent of People with Each Score
Percentile by Number Answered
Your Score History
You have not taken this quiz since the last reset